000
00278nam a2200109Ia 4500
008
190216s9999||||xx |||||||||||||| ||und||
100
_a
Vivekanandan G
245
0
_a
Malayalam-General-Kall
260
_b
Sahithya Pravarthaka Sahakarana Sangam
650
_a
Malayalam
942
_c
BK
999
_c
25908
_d
25908